John Paul II / (Record no. 4879)
[ view plain ]
| 000 -LEADER | |
|---|---|
| fixed length control field | 00571nam a22002052 4500 |
| 001 - CONTROL NUMBER | |
| control field | 0000000732 |
| 005 - DATE AND TIME OF LATEST TRANSACTION | |
| control field | 20151217151755.0 |
| 008 - FIXED-LENGTH DATA ELEMENTS--GENERAL INFORMATION | |
| fixed length control field | 070216s xx 000 0 eng d |
| 020 ## - INTERNATIONAL STANDARD BOOK NUMBER | |
| International Standard Book Number | 0006279430 : |
| Terms of availability | KES 770 |
| 040 ## - CATALOGING SOURCE | |
| Original cataloging agency | KABU |
| Transcribing agency | KABU |
| 050 #0 - LIBRARY OF CONGRESS CALL NUMBER | |
| Classification number | BX1378.5 |
| Item number | .W35 |
| 100 1# - MAIN ENTRY--PERSONAL NAME | |
| Personal name | Walsh, Michael. |
| -- | 0000148909 |
| 245 10 - TITLE STATEMENT | |
| Title | John Paul II / |
| Statement of responsibility, etc. | Michael Walsh. |
| 260 ## - PUBLICATION, DISTRIBUTION, ETC. (IMPRINT) | |
| Place of publication, distribution, etc. | London : |
| Name of publisher, distributor, etc. | Harper Collins, |
| Date of publication, distribution, etc. | 1994. |
| 300 ## - PHYSICAL DESCRIPTION | |
| Extent | ix, 310 p. |
| 600 10 - SUBJECT ADDED ENTRY--PERSONAL NAME | |
| Personal name | John Paul II, Pope. |
| -- | 0000149012 |
| 908 ## - PUT COMMAND PARAMETER (RLIN) | |
| Put command parameter | 070216 |
| 950 ## - LOCAL HOLDINGS (RLIN) | |
| -- | 1 |
| Withdrawn status | Lost status | Source of classification or shelving scheme | Not for loan | Home library | Current library | Date acquired | Total Checkouts | Full call number | Barcode | Date last seen | Price effective from | Koha item type |
|---|---|---|---|---|---|---|---|---|---|---|---|---|
| Library of Congress Classification | Kabarak, Main Campus | Kabarak, Main Campus | 17/12/2015 | BX1378.5 .W35 | 000808 | 17/12/2015 | 17/12/2015 | General Collection |